000 00326nam a2200121Ia 4500
005 20260326100044.0
008 260326s9999||||xx |||||||||||||| ||und||
100 _aBerthelot, Jack
245 0 _aKaz Antiyé jan Moun Ka Rété /
_cJack Berthelot
260 _bPerspective Créoles
650 _aARQUITECTURA REGIONAL
942 _cBK
999 _c7123
_d7123